000 00561nam a2200229Ia 4500
003 OSt
005 20220924150258.0
006 a|||||r|||| 00| 0
007 ta
008 220923b |||||||| |||| 00| 0 tel d
024 _a332613
037 _cTextual
040 _aARTS
_cARTS
_btel
041 _2tel
_atel
082 _aO35,1H84,2, K6
100 _aSrinath
_9221760
245 0 _aSivaratri mahatmayamu
260 _c1966
650 _aTELUGU POETRY
942 _hO35,1H84,2, K6
_cTEXL
_2CC
999 _c462840
_d462840